000 01345nam0a2200349 4500
001 RU\NLR\BIBL_A\012011233
005 20190716165255.0
010 _a978-5-6041633-8-2
_9160
021 _aRU
_bКН-П-19-027685
_9КН-П-19-2090
035 _a(NLR Aleph) 012011233
035 _a(RuMoRGB)009950294
090 _a11452255
_c11452255
100 _a20190515d2018 u y0rusy50 ca
101 0 _arus
102 _aRU
105 _aac||w|||000zy
200 1 _aГрех
_eαμαρτία
_fпротоиерей Дмитрий Моничев
_zgre
210 _aКисловодск
_aСтаврополь
_cПечатный двор
_d2018
215 _a90, [2] с.
_cил., портр.
_d21
300 _aНа обл. авт. не указан
320 _aБиблиогр. в конце кн. (53 назв.) и в подстроч. примеч.
510 1 _6z73790
_aαμαρτία
_zgre
606 1 _aГрех (религ.)
_2nlr_sh1
_2nlr_sh2
_3RU\NLR\AUTH\66993402
686 2 _aЭ372.24-433.222
700 1 _aМоничев
_bД.
_f1957-
_gДимитрий
_3RU\NLR\AUTH\770136651
790 1 _6z73510
_aMoničev
_bD.
_f1957-
_gDimitrij
942 _cBOOK
980 _aNBR
980 _aNB